| 000 | 00870nam a2200253Ia 4500 | ||
|---|---|---|---|
| 008 | 191130s2003##################000#0#eng## | ||
| 020 | _a9780199264513 | ||
| 022 | _a2003276673 | ||
| 040 |
_aACL _cACL |
||
| 082 | _a305.908 HER | ||
| 245 |
_aThe human rights of persons with intellectual disabilities : different but equal _cedited by Stanley S. Herr, Lawrence O. Gostin, Harold Hongju Koh |
||
| 260 |
_aOxford _bOxford University Press _c2003 |
||
| 300 | _axx, 551 p. ; 24 cm. | ||
| 500 | _aIncludes bibliographical references and index | ||
| 650 | _aHuman rights | ||
| 650 | _aLearning disabled - Civil rights | ||
| 650 | _aLearning disabled - Legal status, laws, etc | ||
| 700 | _aGostin, Lawrence O | ||
| 700 | _aHerr, Stanley S | ||
| 700 | _aKoh, Harold Hongju | ||
| 990 | _a3de19797ac10000c5fbceabcde8e15cf | ||
| 991 | _a157862 | ||
| 999 |
_c427405 _d427405 |
||